000 00930nam a22002057a 4500
005 20251108165029.0
008 250721s1999 xx 000 0 ara d
082 1 4 _a956.093/ندو
100 1 _aعبد الخالق، غسان إسماعيل
_eمحرر
111 2 _aندوة صراع القرن : الصراع العربي مع الصهونية و إسرائيل عبر مائة عام : أوراق عمل ( 1998: عمان)
245 1 0 _aصراع القرن :
_bالصراع العربي مع الصهونية و إسرائيل عبر مائة عام : أوراق عمل /
264 1 _aعمان :
_bمؤسسة عبدالحميد شومان،
_c1999.
300 _a517ص
650 1 7 _aالنزاع العربي الإسرايئلي
650 1 7 _aالصهيونية
650 1 7 _aمفاوضات السلام العربية الإسرائيلية
650 1 7 _aتاريخ العرب
942 _2ddc
_cBK
999 _c20380
_d20380